| 000 | 00473pab a2200181 454500 | ||
|---|---|---|---|
| 008 | 180718b2012 xxu||||| |||| 00| 0 eng d | ||
| 100 | _aLang, Kev | ||
| 245 | _aRacial discrimination in the labor market: Theory and empirics | ||
| 260 | _c2012 | ||
| 300 | _ap.959-1006. | ||
| 362 | _aDec | ||
| 650 | _aRacial discrimination | ||
| 650 | _aLabour market | ||
| 700 | _aLehmann, Jee-Yeon K. | ||
| 773 | _aJournal of Economic Literature | ||
| 908 | _aN | ||
| 909 | _a98750 | ||
| 999 |
_c98749 _d98749 |
||